| 000 | 00864nam a2200205Ii 4500 | ||
|---|---|---|---|
| 003 | JO-AjNU | ||
| 008 | 230605s9999||||xx |||||||||||||| ||und|| | ||
| 040 |
_aJO-AjNU _bara _erda _cJO-AjNU |
||
| 041 | _aara | ||
| 050 | 1 | 4 | _aBF1171.G412.2004 |
| 100 | 3 |
_aغوديس ، غروسيت ، رمو،احمد/ترجمة, _eauthor _921636 |
|
| 245 | 0 | 0 | _aمن أسرار العقل:الاستبصار-التجارب خارج الجسد-الاشباح الضاجة-الادراك المسبق-الحركة النفسية-التخاطر=Mind Over Matter |
| 250 | _aط1 | ||
| 264 | 3 | 1 | _aدمشق:دار علاء الدين للنشر والتوزيع والترجمة ،2004 |
| 300 | _a125ص | ||
| 336 |
_atext _btxt _2rdacontent |
||
| 337 |
_aunmediated _bn _2rdamedia |
||
| 338 |
_avolume _bnc _2rdacarrier |
||
| 650 | 4 |
_aالعقل-الادراك-التخاطر _921637 |
|
| 999 |
_aA7549 _c11117 _d11117 |
||